| 000 -LEADER |
| fixed length control field |
01003cam a2200253 i 4500 |
| 001 - CONTROL NUMBER |
| control field |
18276691 |
| 005 - DATE AND TIME OF LATEST TRANSACTION |
| control field |
20220125113903.0 |
| 008 - FIXED-LENGTH DATA ELEMENTS--GENERAL INFORMATION |
| fixed length control field |
140822s2015 enk b 001 0 eng |
| 020 ## - INTERNATIONAL STANDARD BOOK NUMBER |
| International Standard Book Number |
9781138784383 |
| 041 ## - LANGUAGE CODE |
| Language code of text/sound track or separate title |
eng |
| 080 ## - UNIVERSAL DECIMAL CLASSIFICATION NUMBER |
| Universal Decimal Classification number |
372.21 T-45 |
| 100 1# - MAIN ENTRY--PERSONAL NAME |
| Personal name |
Thornton, Linda |
| 9 (RLIN) |
13445 |
| 245 10 - TITLE STATEMENT |
| Title |
Understanding the Reggio approach : |
| Remainder of title |
early years education in practice / |
| Statement of responsibility, etc. |
Linda Thornton and Pat Brunton. |
| 250 ## - EDITION STATEMENT |
| Edition statement |
Third Edition. |
| 264 #1 - PRODUCTION, PUBLICATION, DISTRIBUTION, MANUFACTURE, AND COPYRIGHT NOTICE |
| Place of production, publication, distribution, manufacture |
London : |
| Name of producer, publisher, distributor, manufacturer |
Routledge, Taylor & Francis Group, |
| Date of production, publication, distribution, manufacture, or copyright notice |
2015. |
| 300 ## - PHYSICAL DESCRIPTION |
| Extent |
138 pages ; |
| Dimensions |
26 cm. |
| 653 ## - INDEX TERM--UNCONTROLLED |
| keyword |
რეჯიოს მიდგომის გაგება |
| 653 ## - INDEX TERM--UNCONTROLLED |
| keyword |
Понимание подхода Реджо |
| 653 ## - INDEX TERM--UNCONTROLLED |
| keyword |
სკოლამდელი განათლება |
| 653 ## - INDEX TERM--UNCONTROLLED |
| keyword |
Дошкольное образование |
| 700 1# - ADDED ENTRY--PERSONAL NAME |
| Personal name |
Brunton, Pat. |
| Relator term |
ავტორი |
| 9 (RLIN) |
13446 |
| 942 ## - ADDED ENTRY ELEMENTS (KOHA) |
| Source of classification or shelving scheme |
|
| Koha item type |
წიგნი |